Mobilis in mobili: notas sobre la idea del progreso en Jules Verne

Saved in:
Bibliografiske detaljer
Main Authors: Lahuerta Alsina, Juan José (Author), Verne, Julio (Author)
Format: Bog
Sprog:spansk
Udgivet: Barcelona Hacer 1984
Serier:Colección Utopías
Fag:
Tags: Tilføj Tag
Ingen Tags, Vær først til at tagge denne postø!

MARC

LEADER 00000nam a2200000 a 4500
001 UCQ8183
003 CL-VaPUC
008 981127e19840000SP |||||||||||||||||spa|d
082 0 4 |a 711.4  |b LAH  |2 21 
100 |a Lahuerta Alsina, Juan José  |e author  |9 559820 
700 0 |a Verne, Julio  |e author  |9 422011 
245 1 0 |a Mobilis in mobili: notas sobre la idea del progreso en Jules Verne 
246 1 4 |a Una ciudad ideal 
300 |a 91 p 
942 |c BK 
945 |d 19981127 00:00:00  |a aarredon 
260 |a Barcelona  |b Hacer  |c 1984 
650 0 |a Planificación urbana   |9 258176 
650 0 |a Ciudades  |9 265474 
650 0 |a Urbanismo  |9 255208 
583 |a last modification  |c 19981127 00:00:00  |k Rodrigo Vera 
490 0 |a Colección Utopías 
999 |c 277476  |d 277474 
952 |0 0  |1 0  |4 0  |6 711_400000000000000_LAH_1984  |7 0  |8 A  |9 315418  |a BIBARQ  |b BIBARQ  |d 2019-11-20  |i 3484521  |l 1  |o 711.4 LAH 1984  |p 3484521  |r 2025-01-20  |s 2024-10-01  |w 2019-11-20  |y BK  |k ARQ